=LDR 00000nam 2200000 4500 =001 INLIS000000000058955 =005 20211018070328 =035 ##$$a 0010-1021000403 =007 ta =008 211018###########################0#ind## =020 ##$$a 978-979-22-4072-6 =082 ##$$a 338.04 =084 ##$$a 338.04 Bla o =245 1#$$a O The one Minute Entrepreneur /$c Blanchard Ken ; Don Hutson =300 ##$$a 134 halaman ; $c 20 cm =650 #4$$a Kewiraswastaan =264 ##$$a Jakarta :$b Gramedia pustaka utama,$c 2008 =336 ##$$a teks$2 rdacontent =337 ##$$a lain-lain$2 rdamedia =338 ##$$a lain-lain$2 rdacarrier =990 ##$$a 07980798